<?xml version="1.0" encoding="UTF-8"?>
<record
    xmlns:xsi="http://www.w3.org/2001/XMLSchema-instance"
    xsi:schemaLocation="http://www.loc.gov/MARC21/slim http://www.loc.gov/standards/marcxml/schema/MARC21slim.xsd"
    xmlns="http://www.loc.gov/MARC21/slim">

  <leader>00800nam a2200229   4500</leader>
  <controlfield tag="005">20250214103837.0</controlfield>
  <datafield tag="010" ind1=" " ind2=" ">
    <subfield code="a">ENG-143550 ENG-143795</subfield>
  </datafield>
  <datafield tag="020" ind1=" " ind2=" ">
    <subfield code="a">9789393737717</subfield>
    <subfield code="c">350.00</subfield>
  </datafield>
  <datafield tag="035" ind1=" " ind2=" ">
    <subfield code="a">EN-127082 EN-127327</subfield>
  </datafield>
  <datafield tag="037" ind1=" " ind2=" ">
    <subfield code="b">DBAD</subfield>
  </datafield>
  <datafield tag="082" ind1=" " ind2=" ">
    <subfield code="a">332.10954</subfield>
  </datafield>
  <datafield tag="245" ind1=" " ind2=" ">
    <subfield code="a">ABCD Technologies in the indian Financial Services Sector/</subfield>
    <subfield code="c">Edited by K.Alamelu...[et.al]</subfield>
  </datafield>
  <datafield tag="260" ind1=" " ind2=" ">
    <subfield code="a">Madurai</subfield>
    <subfield code="b">Shanlax Publications</subfield>
    <subfield code="c">2022</subfield>
  </datafield>
  <datafield tag="270" ind1=" " ind2=" ">
    <subfield code="a">61,66 Vasantha Nagar </subfield>
    <subfield code="b">Madurai</subfield>
    <subfield code="e">625003</subfield>
    <subfield code="m">shanlaxpublications@gmail.com</subfield>
  </datafield>
  <datafield tag="300" ind1=" " ind2=" ">
    <subfield code="a">249p.</subfield>
    <subfield code="c">24cm(Pb)</subfield>
  </datafield>
  <datafield tag="700" ind1=" " ind2=" ">
    <subfield code="a">C.Yogalakshmi</subfield>
    <subfield code="e">Author</subfield>
    <subfield code="9">77046</subfield>
  </datafield>
  <datafield tag="700" ind1=" " ind2=" ">
    <subfield code="a">K.Alamelu</subfield>
    <subfield code="e">Author</subfield>
    <subfield code="9">77047</subfield>
  </datafield>
  <datafield tag="700" ind1=" " ind2=" ">
    <subfield code="a">B.Sudha</subfield>
    <subfield code="e">Author</subfield>
    <subfield code="9">77048</subfield>
  </datafield>
  <datafield tag="700" ind1=" " ind2=" ">
    <subfield code="a">R.Alamelumangai</subfield>
    <subfield code="e">Author</subfield>
    <subfield code="9">77049</subfield>
  </datafield>
  <datafield tag="700" ind1=" " ind2=" ">
    <subfield code="a">G.Parimalarani</subfield>
    <subfield code="e">Author</subfield>
    <subfield code="9">77050</subfield>
  </datafield>
  <datafield tag="942" ind1=" " ind2=" ">
    <subfield code="2">ddc</subfield>
    <subfield code="c">EN</subfield>
    <subfield code="h">332.10954</subfield>
    <subfield code="m">ABC</subfield>
  </datafield>
  <datafield tag="999" ind1=" " ind2=" ">
    <subfield code="c">208774</subfield>
    <subfield code="d">208774</subfield>
  </datafield>
  <datafield tag="952" ind1=" " ind2=" ">
    <subfield code="0">0</subfield>
    <subfield code="1">0</subfield>
    <subfield code="4">0</subfield>
    <subfield code="7">0</subfield>
    <subfield code="8">NFIC</subfield>
    <subfield code="a">DBAD</subfield>
    <subfield code="b">DBAD</subfield>
    <subfield code="d">2025-01-24</subfield>
    <subfield code="e">Delivery of Books Act Division</subfield>
    <subfield code="g">350.00</subfield>
    <subfield code="l">0</subfield>
    <subfield code="o">332.10954 ABC</subfield>
    <subfield code="p">EN-127082</subfield>
    <subfield code="r">2025-01-24 00:00:00</subfield>
    <subfield code="t">1</subfield>
    <subfield code="v">350.00</subfield>
    <subfield code="w">2025-01-24</subfield>
    <subfield code="y">EN</subfield>
  </datafield>
  <datafield tag="952" ind1=" " ind2=" ">
    <subfield code="0">0</subfield>
    <subfield code="1">0</subfield>
    <subfield code="4">0</subfield>
    <subfield code="7">0</subfield>
    <subfield code="8">NFIC</subfield>
    <subfield code="a">ZLS</subfield>
    <subfield code="b">ZLS</subfield>
    <subfield code="d">2025-02-14</subfield>
    <subfield code="e">Delivery of Books Act Division</subfield>
    <subfield code="g">530.00</subfield>
    <subfield code="l">0</subfield>
    <subfield code="o">332.10954 ABC</subfield>
    <subfield code="p">EN-127327</subfield>
    <subfield code="r">2025-02-14 00:00:00</subfield>
    <subfield code="t">1</subfield>
    <subfield code="v">530.00</subfield>
    <subfield code="w">2025-02-14</subfield>
    <subfield code="y">EN</subfield>
  </datafield>
</record>
